Word Ladder: Way To Sell All Your Junk Quiz Stats

Quiz Updated Dec 18, 2015

Challenge
Share
Tweet
Embed
Score 0/15 Timer 02:00
0 Plays Today
Hint 4-Letter Word % Correct
Tolkien's 'The ___ of the Rings'Lord
98.4%
On-the-cob treatCorn
95.6%
Remnant of an apple after eatingCore
95.2%
A nickel or dimeCoin
95%
A washerful of laundryLoad
93.4%
Queen of hearts or the ace of spades, e.g.Card
92.7%
An advance of moneyLoan
91.5%
Key part of a parachuteCord
90.8%
Hint 4-Letter Word % Correct
Washed out complexionPale
87.8%
Either end of a magnet; Flag holderPole
87.4%
Skin openingPore
85.9%
To enlist or enroll inJoin
84.6%
Colloquial term for a way to get rid of all the junk in your house for money with [first rung]Sale
81.1%
Baez or Rivers, e.g.Joan
79.8%
Colloquial term for a way to get rid of all the junk in your house for money with [last rung]Yard
72.8%

Today's Daily Dose

Missing Word
1971 Movies A-Z

Word Ladder
Complete Tour

Quick Pick
Logo Colors

On This Day
January 19th

You're not logged in!

Compare scores with friends on all Sporcle quizzes.
Sign Up with Email
OR
Log In

You Might Also Like...

Show Comments

Extras

Top Quizzes Today


Score Distribution

Your Account Isn't Verified!

In order to create a playlist on Sporcle, you need to verify the email address you used during registration. Go to your Sporcle Settings to finish the process.